Three plays / (Record no. 234367)

000 -LEADER
fixed length control field 01407cam a22003977a 4500
001 - CONTROL NUMBER
control field 16604251
003 - CONTROL NUMBER IDENTIFIER
control field Nust
005 - DATE AND TIME OF LATEST TRANSACTION
control field 20170320100053.0
008 - FIXED-LENGTH DATA ELEMENTS--GENERAL INFORMATION
fixed length control field 101216s2010 enk 000 0 eng
010 ## - LIBRARY OF CONGRESS CONTROL NUMBER
LC control number 2010467936
015 ## - NATIONAL BIBLIOGRAPHY NUMBER
National bibliography number GBA737777
Source bnb
016 7# - NATIONAL BIBLIOGRAPHIC AGENCY CONTROL NUMBER
Record control number 013746940
Source Uk
020 ## - INTERNATIONAL STANDARD BOOK NUMBER
International Standard Book Number 9781840221121 (pbk.)
035 ## - SYSTEM CONTROL NUMBER
System control number (OCoLC)ocn132320201
040 ## - CATALOGING SOURCE
Original cataloging agency UKM
Transcribing agency UKM
Modifying agency YDXCP
-- BTCTA
-- BAKER
-- OCLCG
-- CDX
-- DLC
041 1# - LANGUAGE CODE
Language code of text/sound track or separate title eng
Language code of original fre
042 ## - AUTHENTICATION CODE
Authentication code lccopycat
050 00 - LIBRARY OF CONGRESS CALL NUMBER
Classification number PQ1888.E5
Item number B37 2010
082 04 - DEWEY DECIMAL CLASSIFICATION NUMBER
Classification number 822.914
Author Mark RAC
100 1# - MAIN ENTRY--PERSONAL NAME
Personal name Racine, Jean,
Dates associated with a name 1639-1699.
245 10 - TITLE STATEMENT
Title Three plays /
Statement of responsibility, etc. Jean Racine.
246 14 - VARYING FORM OF TITLE
Title proper/short title Racine three plays
260 ## - PUBLICATION, DISTRIBUTION, ETC.
Place of publication, distribution, etc. London :
Name of publisher, distributor, etc. Oberon,
Date of publication, distribution, etc. 2010.
300 ## - PHYSICAL DESCRIPTION
Extent 422 p. ;
Dimensions 21 cm.
505 0# - FORMATTED CONTENTS NOTE
Formatted contents note Introduction / Neil Bartlett -- Britannicus / translated by Robert David MacDonald -- Berenice / translated by Neil Bartlett -- Phedra / translated by Robert David MacDonald.
600 10 - SUBJECT ADDED ENTRY--PERSONAL NAME
Personal name Racine, Jean,
Dates associated with a name 1639-1699
Form subdivision Translations into English.
700 1# - ADDED ENTRY--PERSONAL NAME
Personal name Bartlett, Neil,
Dates associated with a name 1958-
700 1# - ADDED ENTRY--PERSONAL NAME
Personal name MacDonald, Robert David.
740 02 - ADDED ENTRY--UNCONTROLLED RELATED/ANALYTICAL TITLE
Uncontrolled related/analytical title Britannicus.
740 02 - ADDED ENTRY--UNCONTROLLED RELATED/ANALYTICAL TITLE
Uncontrolled related/analytical title Berenice.
740 02 - ADDED ENTRY--UNCONTROLLED RELATED/ANALYTICAL TITLE
Uncontrolled related/analytical title Phedra.
906 ## - LOCAL DATA ELEMENT F, LDF (RLIN)
a 7
b cbc
c copycat
d 2
e ncip
f 20
g y-gencatlg
942 ## - ADDED ENTRY ELEMENTS (KOHA)
Source of classification or shelving scheme
Koha item type Book
Holdings
Withdrawn status Lost status Source of classification or shelving scheme Damaged status Not for loan Collection code Permanent Location Current Location Shelving location Date acquired Total Checkouts Total Renewals Full call number Barcode Date last seen Copy number Price effective from Koha item type
            Central Library (CL) Central Library (CL) Fiction 03/20/2017   1 822.914 RAC CL734 08/08/2023 1 03/20/2017 Book
© 2023 Central Library, National University of Sciences and Technology. All Rights Reserved.